000 01040cam a2200349 4500
008 090401t1985 xxu||||| |||| 00| 0 eng d
020 _a0728200910
035 _a(Sirsi) u24121
041 _aeng
050 _a347
100 _aClarke, P.H.
245 4 _aThe surveyor in court
260 _aLondon
_bEstates Gazette
_c1985
300 _axxxvii, 582p. ; 22cm.
350 _a25
650 _aMANAGEMENT-DISPUTE AVOIDANCE, MANAGEMENT AND RESOLUTION-DISPUTE MANAGEMENT AND RESOLUTION-ADVOCACY
650 _aMANAGEMENT-DISPUTE AVOIDANCE, MANAGEMENT AND RESOLUTION-DISPUTE MANAGEMENT AND RESOLUTION-ARBITRATION
650 _aCOUNTY COURTS
650 _aEVIDENCE
650 _aEXPERT WITNESSES
650 _aHIGH COURT
650 _aINDEPENDENT EXPERTS
650 _aLANDS TRIBUNAL
650 _aLITIGATION
650 _aLOCAL VALUATION COURTS
650 _aPLANNING INQUIRIES
650 _aPROOFS OF EVIDENCE
650 _aRENT ASSESSMENT COMMITTEE
650 _aSURVEYORS
942 _n0
948 _c04/03/1997
999 _c88502
_d88502